Science Quiz

Random Science or Math Quiz

Math multiplication challenge Quiz Stats

 Plays Quiz not verified by Sporcle

Challenge
Share
Tweet
Embed
Score 0/50 Timer 20:00
0 Plays Today
sum answer % Correct
????
100%
????
97%
????
95.3%
????
94.5%
????
93.2%
????
92.8%
????
92.4%
????
88.1%
????
44.9%
????
44.5%
????
44.1%
????
42.8%
????
41.9%
????
40.3%
????
37.7%
????
37.7%
????
37.7%
????
37.3%
????
37.3%
????
36.4%
????
36%
????
35.2%
????
35.2%
????
35.2%
????
35.2%
sum answer % Correct
????
35.2%
????
34.3%
????
33.9%
????
33.9%
????
33.9%
????
33.9%
????
33.1%
????
33.1%
????
31.4%
????
31.4%
????
30.9%
????
30.5%
????
30.5%
????
30.1%
????
29.2%
????
28.8%
????
28.8%
????
28%
????
27.5%
????
27.5%
????
26.3%
????
23.3%
????
22.5%
????
21.6%
????
19.5%

You're not logged in!

Compare scores with friends on all Sporcle quizzes.
Join for Free
OR
Log In

You Might Also Like...

Show Comments

Extras

Top Quizzes Today


Score Distribution

Your Account Isn't Verified!

In order to create a playlist on Sporcle, you need to verify the email address you used during registration. Go to your Sporcle Settings to finish the process.

Report this User

Report this user for behavior that violates our Community Guidelines.

Details: